Coastal Planning and Management / (Record no. 2481)

MARC details
000 -LEADER
fixed length control field 00739nac a22002171u 4500
008 - FIXED-LENGTH DATA ELEMENTS--GENERAL INFORMATION
fixed length control field 130127s2005 uk ||||| |||| 001 0 eng d
010 ## - LIBRARY OF CONGRESS CONTROL NUMBER
LC control number 2004014309
020 ## - INTERNATIONAL STANDARD BOOK NUMBER
International Standard Book Number 041531772X (hbk)
020 ## - INTERNATIONAL STANDARD BOOK NUMBER
International Standard Book Number 0415317738 (pbk.)
020 ## - INTERNATIONAL STANDARD BOOK NUMBER
International Standard Book Number 9780415317733
082 00 - DEWEY DECIMAL CLASSIFICATION NUMBER
Classification number 333.91
Item number KAY
Edition number 22
100 ## - MAIN ENTRY--PERSONAL NAME
Personal name Kay, Robert
9 (RLIN) 32041
245 10 - TITLE STATEMENT
Title Coastal Planning and Management /
Statement of responsibility, etc Robert Kay and Jacqueline Alder.
250 ## - EDITION STATEMENT
Edition statement 2nd ed.
260 ## - PUBLICATION, DISTRIBUTION, ETC. (IMPRINT)
Place of publication, distribution, etc London ;
-- New York :
Name of publisher, distributor, etc Spon Press,2005
Date of publication, distribution, etc 2005.
300 ## - PHYSICAL DESCRIPTION
Extent xix, 380 p. :
Other physical details ill. ;
Dimensions 25 cm.
504 ## - BIBLIOGRAPHY, ETC. NOTE
Bibliography, etc Includes bibliographical references (p. [346]-375) and index.
650 #0 - SUBJECT ADDED ENTRY--TOPICAL TERM
Topical term or geographic name as entry element Coastal zone management.
9 (RLIN) 32042
700 1# - ADDED ENTRY--PERSONAL NAME
Personal name Alder, Jackie,
Dates associated with a name 1954-
9 (RLIN) 32043
942 ## - ADDED ENTRY ELEMENTS (KOHA)
Item type Book - Borrowing
Call number prefix 333.91 KAY
Source of classification or shelving scheme Dewey Decimal Classification
Holdings
Withdrawn status Item status Source of classification or shelving scheme Damaged status Not for loan Vendor Home library Current library Shelving location Date acquired Source of acquisition Total Checkouts Full call number Barcode Date last seen Koha item type
    Dewey Decimal Classification       Central Library Central Library First floor 21/02/2007   1 333.91 KAY 000001519 15/07/2025 Book - Borrowing